Manažment informačných systémov

Gespeichert in:
Bibliographische Detailangaben
1. Verfasser: Romanová, Anita, 1973-
Körperschaft: Ekonomická univerzita v Bratislave. Fakulta podnikového manažmentu
Format: Buch
Sprache:Slowakisch
Veröffentlicht: Bratislava Vydavateľstvo EKONÓM 2007
Schlagworte:
Tags: Tag hinzufügen
Keine Tags, Fügen Sie das erste Tag hinzu!

MARC

LEADER 00000nam$a2200000$$$4500
001 0059254
005 20240502071647.2
020 |a 978-80-225-2321-9 
041 0 |a slo 
044 |a SK 
245 1 0 |a Manažment informačných systémov  |c Anita Romanová 
264 1 |a Bratislava  |b Vydavateľstvo EKONÓM  |c 2007 
300 |a 143 s. 
610 2 0 |a systémy informačné 
610 2 0 |a manažment 
610 2 0 |a manažment informačný 
100 1 |a Romanová, Anita, 1973- 
710 2 |a Ekonomická univerzita v Bratislave. Fakulta podnikového manažmentu